00426nam a2200145Ia 4500003000400000008004100004020002200045040000800067041000700075082002300082100003400105245006700139260005900206300001500265LDD190117s9999 xx 000 0 und d a8170162971c₹70 cLDD ahi a8H3.7 व 2601 स aवजाहत, असगर 0aसब कहाँ,कुछ...cअसगर वजाहत aनई दिल्लीbकिताबघरc1996 a136पृ.